| 000 | 00623cam a22001814a 4500 | ||
|---|---|---|---|
| 020 | _a9789694025261 | ||
| 082 |
_a954.91 _bHAI _cN-02,P-100 |
||
| 100 | 1 |
_aHaider, S. Sajad, _951811 |
|
| 245 | 1 | 0 |
_aFlight of the falcon / _cby S. Sajad Haider. |
| 260 |
_aLahore : _bVanguard Books, _c2009. |
||
| 300 |
_axxvi, 429 p. : _bill. ; _c24 cm. |
||
| 500 | _a"Demolishing myth of Indo-Pak wars 1965 & 1971"--Cover. | ||
| 526 |
_a0 _b0 _c0 _d954_910000000000000_HAI |
||
| 526 |
_a0 _b0 _c0 _d954_910000000000000_HAI |
||
| 650 | 0 |
_aIndia-Pakistan Conflict, 1965 _910110 |
|
| 650 | 0 |
_aIndia-Pakistan Conflict, 1971 _95188 |
|
| 942 |
_2ddc _cBK |
||
| 999 |
_c554359 _d554359 |
||